000 01241nam a22003617a 4500
003 CHAP
005 20220329134226.0
008 971013s1980 us r 00010 eng d
010 _a17254
011 _a18226
035 _a22311
040 _cCHAP
090 _aMF-2 (1980)
245 0 _aBiological effects of (air) pollutants on plants, animals and microorganisms
250 _aRev. ed.
260 _aTriangle Park, North Carolina :
_bEnvironmental Protection Agency,
_c1980
300 _a3 v.
490 _aAPIBE. Bibliography
500 _aMicroficha 24 tarjetas 15 x 10.5 cms.
590 _aBATCH-UPD
_b10
_c20130110
_lUCH01
_h0046
590 _aBATCH-UPD
_b10
_c20130110
_lUCH01
_h2218
590 _aBATCH-UPD
_b10
_c20130409
_lUCH01
_h2033
590 _aBATCH-UPD
_b10
_c20130410
_lUCH01
_h1518
590 _aBATCH-UPD
_b10
_c20130913
_lUCH01
_h2322
590 _aCONVERSION
_b10
_c20130109
_lUCH01
_h1311
650 1 4 _aAire
_xContaminacion
_xEfecto en animales.
_93141
650 1 4 _aAire
_xContaminación
_xEfecto en microorganismos.
_93142
650 1 4 _aAire
_xContaminacion
_xEfecto en plantas.
_93144
830 0 _aAPIBE. Bibliography
_96240
901 _aBK
942 _cM
949 _aMF-2 (1980)
_bBC
_cMF
_d-52224
_eMF
_i22311
_mD
_si
999 _c17254
_d17254